| 000 | 00000nam 2200000zi 4500 |
| 001 | 9.954206 |
| 003 | CaOODSP |
| 005 | 20250819131607 |
| 006 | m o d f |
| 007 | cr mn |||||||| |
| 008 | 250818e20180418oncd obs f000 0 fre d |
| 040 | |aCaOODSP|bfre|erda|cCaOODSP |
| 043 | |an-cn--- |
| 086 | 1 |aCS82-003/2018-4-1F-PDF |
| 100 | 1 |aColley, Rachel C., |eauteur. |
| 245 | 10|aRépartition du temps entre le sommeil, la sédentarité et l’activité : |bliens avec l’obésité et la santé chez les adultes canadiens / |cpar Rachel C. Colley, Isabelle Michaud et Didier Garriguet. |
| 264 | 1|a[Ottawa] : |bStatistique Canada = Statistics Canada, |cle 18 avril 2018. |
| 264 | 4|c©2018 |
| 300 | |a1 ressource en ligne (pages 3-14) : |bgraphiques. |
| 336 | |atexte|btxt|2rdacontent/fre |
| 337 | |ainformatique|bc|2rdamedia/fre |
| 338 | |aressource en ligne|bcr|2rdacarrier/fre |
| 490 | 1 |aRapports sur la santé, |x1209-1375 ; |vvol. 29, no. 4, [1] |
| 500 | |aTitre de la couverture. |
| 500 | |aPublié aussi en anglais sous le titre : Reallocating time between sleep, sedentary and active behaviours: associations with obesity and health in Canadian adults. |
| 504 | |aComprend des références bibliographiques (pages 13-14). |
| 520 | 3 |a« Une activité physique modérée à vigoureuse (APMV) et un sommeil adéquats sont associés de manière positive à la santé des adultes, tandis que le lien avec la sédentarité est négatif. L’activité physique d’intensité légère (APIL) est une nouvelle variable explicative indépendante d’une santé cardiovasculaire améliorée. Les répercussions sur la santé de chacun de ces facteurs ont été examinées de manière isolée. Cependant, on s’intéresse de plus en plus aux liens généraux entre la santé et les comportements associés au mouvement » -- Résumé, page 3. |
| 650 | 6|aExercice|xAspect sanitaire|zCanada|vStatistiques. |
| 650 | 6|aSommeil|xAspect sanitaire|zCanada|vStatistiques. |
| 655 | 7|aStatistiques|2rvmgf |
| 710 | 2 |aStatistique Canada, |eorganisme de publication. |
| 775 | 08|tReallocating time between sleep, sedentary and active behaviours : |w(CaOODSP)9.954205 |
| 830 | #0|aRapports sur la santé (Collection)|x1209-1375 ; |vvol. 29, no. 4, [1].|w(CaOODSP)9.950257 |
| 856 | 40|qPDF|s605 Ko|uhttps://publications.gc.ca/collections/collection_2025/statcan/82-003-x/CS82-003-2018-4-1-fra.pdf |
| 856 | 4 |qHTML|sS.O.|uhttps://www150.statcan.gc.ca/n1/pub/82-003-x/2018004/article/54951-fra.htm |